000 00767nam a2200217 i 4500
001 82816
003 ES-MaACL
005 20230906174733.0
007 t|
008 041112s1982 sp afo |||| |dspa d
022 _a84-369-0943-7
080 _a373.5(464.1M.)Cervantes
110 2 _aInstituto de Bachillerato Cervantes (Madrid)
_94826
245 1 0 _aMiscelánea en su cincuentenario, 1931-1981 /
_cInstituto de Bachillerato Cervantes.
260 _a[Madrid] :
_bMinisterio de Educación y Ciencia,
_c1982.
300 _a676 p., [16] p. de lám. :
_bil. ;
_c24 cm.
599 _aLám.: fot. b. y n.
610 2 _aInstituto de Bachillerato Cervantes (Madrid)
_94826
710 1 _aEspaña.
_bMinisterio de Educación y Ciencia.
_93864
852 _aES-MaACL
_jL-5569
999 _c82816
_d82816